| 000 | 00471cam a2200181ua 4500 | ||
|---|---|---|---|
| 041 |
_aeng _h |
||
| 082 |
_a028.7163 _bWHI/AG |
||
| 100 | _aWhitby, Martin . | ||
| 245 |
_aAgricultural handbook / _cMartin Whitby. _hTextual Documents |
||
| 260 |
_aLondon : _bB & P Professional books , _c1988. |
||
| 300 | _a236 ; . | ||
| 504 | _a | ||
| 700 | 1 | _aRowlinson, Peter . | |
| 700 | 1 | _aTopham, Michael . | |
| 700 | 1 | _aYounger, Alan . | |
| 942 | _cBK | ||
| 999 |
_c7032 _d7032 |
||